Songs by Kate Bush - Statistics

General Stats
  • This quiz has been taken 11 times
  • The average score is 3 of 5
Answer Stats
Question Answer % Correct
Something you see athletic women doing... to stop thinking about murdering their husbands ... or their children. Running Up That Hill
100%
A song about a sociopathic woman who falls in love with a man more sociopathic than she. Wuthering Heights
80%
A song that drips with sarcasm about the beauty of men... physically and mentally. WOW!
70%
Song about an old hag that knows how to make high level moonshine and kill Russian soldiers with borscht. By the Rivers of Babylon
0%
A song nearly as creepy as Alice Cooper's 'Steven'. The Man Who Shot Liberty Valance
0%
No matching quizzes found
Score Distribution
Percent of People with Each Score
Percentile by Number Answered
Your Score History
You have not taken this quiz